[Event "Druzynowe Mistrzostwa Polski Juniorow - II Liga"]
[Site "Iwonicz"]
[Date "2016-07-31"]
[Round "9.74"]
[White "Radecki, Adam"]
[Black "Franek, Krzysztof"]
[Result "1/2-1/2"]
[WhiteTitle "I"]
[BlackTitle "III"]
[WhiteElo "1595"]
[BlackElo "1134"]

1. e4 b6 2. d4 Bb7 3. Nc3 g6 4. Be3 Bg7 5. Qd2 d6 6. f3 Nd7 7. Bb5 a6 8. Bxd7+
Qxd7 9. Nge2 Nf6 10. g4 h6 11. h4 O-O-O 12. O-O-O e6 13. Rhf1 Rde8 14. Kb1 Kb8
15. Bg1 Qc8 16. Bh2 Re7 17. Qe3 Nd7 18. Qd3 e5 19. d5 Rf8 20. Ng3 Qd8 21. Rh1
Qc8 22. Bg1 Rh8 23. Be3 Qf8 24. Qd2 Nf6 25. a4 h5 26. g5 Nd7 27. a5 Qd8 28. Na2
b5 29. c4 bxc4 30. Rc1 Nc5 31. Rxc4 Qd7 32. Bxc5 dxc5 33. Rxc5 Qd6 34. Qc2 Rc8
35. Nb4 Bf8 36. Nc6+ Bxc6 37. Rxc6 Qb4 38. Rxa6 Qb5 39. Rc6 Qxa5 40. Rd1 Rd7 41.
Rd3 Qe1+ 42. Qc1 Qxc1+ 43. Kxc1 Rd6 44. Rdc3 Rxc6 45. Rxc6 Bd6 46. Ne2 Kb7 47.
Nc3 Kb8 48. Nb5 Be7 49. Kc2 Kb7 50. Kc3 Kb8 51. Kc4 Kb7 52. b4 Kb8 53. d6 cxd6
54. Kd5 Rxc6 55. Kxc6 f6 56. Nc3 fxg5 57. hxg5 h4 58. Ne2 h3 59. Ng3 h2 60. Kd7
Bxg5 1/2-1/2

[Event "Druzynowe Mistrzostwa Polski Juniorow - II Liga"]
[Site "Iwonicz"]
[Date "2016-07-31"]
[Round "9.75"]
[White "Goszyk, Bartosz"]
[Black "Panek, Bartosz"]
[Result "1/2-1/2"]
[WhiteTitle "III"]
[BlackTitle "II+"]
[WhiteElo "1126"]
[BlackElo "1679"]

1. e4 c5 2. Nf3 e6 3. d4 cxd4 4. Nxd4 Nf6 5. Nc3 Nc6 6. Nxc6 bxc6 7. Bd3 Bb4 8.
O-O O-O 9. Bd2 d5 10. Qe2 d4 11. Nb1 Bxd2 12. Nxd2 e5 13. Nc4 Qc7 14. b3 Nd7 15.
f3 Nc5 16. Qd2 Nxd3 17. cxd3 Ba6 18. Rac1 Rfc8 19. Rc2 Bxc4 20. Rxc4 Qb6 21. Rfc1
Rc7 22. Qc2 Rac8 23. Rc5 f6 24. Rc4 Kf8 25. Qd2 Kf7 26. R1c2 c5 27. Kf2 Ke6 28.
g4 h6 29. h3 g5 30. Kg3 a5 31. Kf2 Rh8 32. Kg3 Kd6 33. Ra4 Ra8 34. Kg2 Rc6 35.
Kg3 Qa7 36. Rac4 Rh8 37. Ra4 Ra6 38. Rac4 Rc8 39. Ra4 Rb8 40. Rac4 Rc6 41. Ra4
Rb5 42. Rcc4 Ra6 43. Rc2 Qa8 44. Rc1 Rb4 45. Qc2 Rc6 46. Rxb4 cxb4 47. Qxc6+ Qxc6
48. Rxc6+ Kxc6 49. h4 Kd6 50. h5 a4 51. Kf2 1/2-1/2

[Event "Druzynowe Mistrzostwa Polski Juniorow - II Liga"]
[Site "Iwonicz"]
[Date "2016-07-31"]
[Round "9.76"]
[White "Piechota, Kamil"]
[Black "Grzybek, Mikolaj"]
[Result "1/2-1/2"]
[WhiteTitle "II"]
[BlackTitle "III"]
[WhiteElo "1337"]
[BlackElo "1201"]

1. e4 c5 2. c3 d5 3. exd5 Qxd5 4. d4 cxd4 5. Qxd4 Qxd4 6. cxd4 Bf5 7. Nf3 Nc6 8.
Bb5 e6 9. Nbd2 Bd6 10. O-O Nge7 11. Nc4 Bc7 12. Nce5 O-O 13. Nxc6 Nxc6 14. Bxc6
bxc6 15. Be3 Rad8 16. Rac1 Be4 17. Ne5 Bxe5 18. dxe5 a6 19. Rfe1 Bd5 20. a3 Rd7
21. Red1 Rc8 22. b4 Rcd8 23. Bg5 Rc8 24. Rd3 h6 25. Be3 Rcd8 26. Rcd1 Kf8 27.
Bb6 Rc8 28. Bc5+ Kg8 29. h4 Rcd8 30. Be3 Kf8 31. Bc5+ Kg8 32. Bb6 Rb8 33. Ba5
Rbb7 34. Rd4 Kf8 35. Rg4 Bb3 36. Rdd4 Rxd4 37. Rxd4 Bd5 38. Bd8 Rd7 39. Bb6 1/2-1/2

[Event "Druzynowe Mistrzostwa Polski Juniorow - II Liga"]
[Site "Iwonicz"]
[Date "2016-07-31"]
[Round "9.77"]
[White "Zamarska, Sylwia"]
[Black "Robakowska, Paulina"]
[Result "1-0"]
[WhiteTitle "I+"]
[BlackTitle "I"]
[WhiteElo "1601"]
[BlackElo "1341"]

1. d4 Nf6 2. c4 c5 3. d5 b5 4. cxb5 a6 5. bxa6 Bxa6 6. Nc3 d6 7. e4 Bxf1 8. Kxf1
g6 9. Nf3 Nbd7 10. g3 Bg7 11. Kg2 O-O 12. Qc2 Qa5 13. Nd2 Rfb8 14. Nc4 Qa6 15.
Qe2 Ne8 16. Re1 Nc7 17. f4 Rb4 18. Nd2 Qxe2+ 19. Rxe2 Nb5 20. Nxb5 Rxb5 21. Nc4
Rb4 22. Rc2 Nb6 23. Nxb6 Rxb6 24. a3 Rb3 25. Ra2 Ra4 26. Re2 Rc4 27. Bd2 Rxb2
28. Rxb2 Bxb2 29. Ba5 Bxa3 30. Bd8 e5 31. Be7 exf4 32. gxf4 Rd4 33. Bxd6 Kg7 34.
Be5+ f6 35. Bxd4 1-0

[Event "Druzynowe Mistrzostwa Polski Juniorow - II Liga"]
[Site "Iwonicz"]
[Date "2016-07-31"]
[Round "9.79"]
[White "Szydelko, Michal"]
[Black "Szustakowski, Antoni"]
[Result "0-1"]
[WhiteTitle "I"]
[BlackTitle "I++"]
[WhiteElo "1622"]
[BlackElo "2033"]

1. e4 e6 2. d4 d5 3. Nd2 c5 4. Ngf3 cxd4 5. Nxd4 Nc6 6. Nxc6 bxc6 7. exd5 cxd5
8. Bb5+ Bd7 9. Bxd7+ Qxd7 10. O-O Nf6 11. Nf3 Bd6 12. Be3 O-O 13. h3 Qc7 14. c3
Rab8 15. Rb1 Rfc8 16. Qe2 Nd7 17. Rfc1 Nb6 18. Bxb6 Rxb6 19. Qd3 h6 20. Re1 Rcb8
21. Re2 a5 22. Rc2 Rc8 23. Re1 a4 24. Nd4 Bc5 25. Rec1 Qb7 26. Rb1 Bxd4 27. Qxd4
Rc4 28. Qd3 Qc8 29. Rbc1 Qb8 30. Rb1 Qb7 31. Rd2 Qc7 32. Rc2 Rbc6 33. Rbc1 d4
34. a3 e5 35. Qf3 Qc8 36. Qd3 e4 37. Qg3 Rg6 38. Qh2 d3 39. Rd2 Qf5 40. Rcd1 Rcc6
41. Qb8+ Kh7 42. Kh2 Rg5 43. Qa7 Rcg6 44. g3 Rh5 45. h4 Rxh4+ 46. gxh4 Qf4+ 47.
Kh1 Qxh4# 0-1

[Event "Druzynowe Mistrzostwa Polski Juniorow - II Liga"]
[Site "Iwonicz"]
[Date "2016-07-31"]
[Round "9.80"]
[White "Kozlowski, Bartlomiej"]
[Black "Sypien, Natan"]
[Result "1/2-1/2"]
[WhiteTitle "II"]
[BlackTitle "II"]
[WhiteElo "1474"]
[BlackElo "1461"]

1. e4 c5 2. Bc4 Nc6 3. Nf3 Nf6 4. Nc3 e6 5. d4 cxd4 6. Nxd4 Bb4 7. Nxc6 bxc6 8.
Bg5 Qa5 9. Bxf6 gxf6 10. Qf3 Bxc3+ 11. Qxc3 Qxc3+ 12. bxc3 d5 13. exd5 cxd5 14.
Bb5+ Bd7 15. Bxd7+ Kxd7 16. Kd2 Rhb8 17. Rab1 Kc6 18. Kd3 Kc5 19. Rb3 Rb6 20.
Re1 e5 21. Re3 Rg8 22. g3 e4+ 23. Kd2 Kc4 24. h3 f5 25. Re1 h5 26. Rh1 Rgb8 27.
Re1 Rg8 28. Rg1 Rgb8 29. Re1 Rg8 30. Rg1 Rgb8 31. Re1 Rg8 32. Rg1 Rgb8 1/2-1/2

[Event "Druzynowe Mistrzostwa Polski Juniorow - II Liga"]
[Site "Iwonicz"]
[Date "2016-07-31"]
[Round "9.83"]
[White "Fajt, Patrycja"]
[Black "Reszka, Zofia"]
[Result "1/2-1/2"]
[WhiteTitle "II"]
[BlackTitle "II+"]
[WhiteElo "1069"]
[BlackElo "1127"]

1. e4 c5 2. c3 e6 3. d4 cxd4 4. cxd4 Qc7 5. Nc3 a6 6. Nf3 b5 7. a3 Bb7 8. Bd3 d6
9. O-O Be7 10. Re1 Nf6 11. Bg5 O-O 12. Bxf6 Bxf6 13. Qc2 e5 14. dxe5 dxe5 15.
Nd5 Qxc2 16. Nxf6+ gxf6 17. Bxc2 Nc6 18. Rad1 Rfd8 19. Bb3 Rac8 20. g4 h6 21.
Bd5 Rd7 22. Rc1 Rdc7 23. Kg2 Na5 24. Rxc7 Rxc7 25. Bxb7 Nxb7 26. Re2 Rc4 27. b3
Rc3 28. Re3 Rxe3 29. fxe3 Nc5 30. Nd2 Kg7 31. Kg3 Kg6 32. b4 Nd3 33. h4 Nb2 34.
h5+ Kg7 35. Kf3 Kf8 36. Ke2 Ke7 37. Nb1 Nc4 38. Kd3 Nb2+ 39. Kc2 Nc4 40. Kd3 Kd7
41. Ke2 Ke6 42. Kf2 Ke7 43. Ke2 Kd6 44. Kd3 Ke6 45. Ke2 Kd6 46. Kd3 Ke7 47. Ke2
Ke6 48. Kf2 1/2-1/2

[Event "Druzynowe Mistrzostwa Polski Juniorow - II Liga"]
[Site "Iwonicz"]
[Date "2016-07-31"]
[Round "9.85"]
[White "Tokarz, Krzysztof"]
[Black "Hasterok, Mateusz"]
[Result "0-1"]
[WhiteTitle "II+"]
[BlackTitle "II+"]
[WhiteElo "1637"]
[BlackElo "1695"]

1. d4 Nf6 2. c4 e5 3. dxe5 Ng4 4. Bf4 g5 5. Bg3 Bg7 6. Nf3 Nc6 7. h4 Ngxe5 8. Nxe5
Nxe5 9. e3 h5 10. Nc3 g4 11. Be2 d6 12. Qc2 Be6 13. Nb5 c6 14. Nd4 Qa5+ 15. Kf1
O-O-O 16. Kg1 Qc7 17. Kh2 Qe7 18. Nf5 Bxf5 19. Qxf5+ Kb8 20. Rhd1 Bf6 21. c5 Bxh4
22. cxd6 Bxg3+ 23. fxg3 Rxd6 24. Rxd6 Qxd6 25. Rd1 Qe7 26. Qf4 Ka8 27. Qd4 a6
28. Kg1 h4 29. gxh4 Qxh4 30. Qf4 Qe7 31. Rd4 Ng6 32. Qg3 f5 33. Bd3 Qc5 34. Rc4
Qd5 35. e4 fxe4 36. Rxe4 Qc5+ 37. Qf2 Qh5 38. Qe2 Qh2+ 39. Kf2 Rf8+ 40. Ke3 Qg1+
41. Kd2 Rf2 42. Rxg4 Rxe2+ 0-1

[Event "Druzynowe Mistrzostwa Polski Juniorow - II Liga"]
[Site "Iwonicz"]
[Date "2016-07-31"]
[Round "9.86"]
[White "Charczenko, Dominik"]
[Black "Szczuraszyk, Jaroslaw"]
[Result "1/2-1/2"]
[WhiteTitle "II"]
[BlackTitle "II"]
[WhiteElo "1596"]
[BlackElo "1643"]

1. d4 d5 2. c4 e6 3. Nc3 Nf6 4. a3 b6 5. Bg5 Be7 6. Nf3 Nbd7 7. Rc1 Bb7 8. cxd5
exd5 9. e3 O-O 10. b4 c5 11. dxc5 bxc5 12. bxc5 Bxc5 13. Qb3 Rb8 14. Bf4 Rc8 15.
Qxb7 Bxa3 16. Rc2 Qa5 17. Qa6 Bb4 18. Bb5 Qxa6 19. Bxa6 Rxc3 20. Rxc3 Bxc3+ 21.
Ke2 Nc5 22. Bb5 a6 23. Rc1 Bb4 24. Rb1 Nfe4 25. Rxb4 Nc3+ 26. Kf1 Nxb5 27. Rb1
Nd3 28. Bg3 Rc8 29. Ne5 Nxe5 30. Bxe5 f6 31. Bf4 Kf7 32. Ke1 Ke6 33. Kd2 Rc4 34.
Ra1 Rc6 35. Ra5 Nd6 36. Bxd6 Kxd6 37. Kd3 g6 38. h3 Rb6 39. Kd4 Rb4+ 40. Kc3 Rb6
41. Kd4 Rb4+ 42. Kc3 Rb6 1/2-1/2

[Event "Druzynowe Mistrzostwa Polski Juniorow - II Liga"]
[Site "Iwonicz"]
[Date "2016-07-31"]
[Round "9.87"]
[White "Mazurek, Bartosz"]
[Black "Hasterok, Lukasz"]
[Result "1-0"]
[WhiteTitle "II"]
[BlackTitle "III"]
[WhiteElo "1462"]
[BlackElo "1185"]

1. d4 Nf6 2. c4 e6 3. Nc3 Bb4 4. e3 Bxc3+ 5. bxc3 b6 6. Bd3 Bb7 7. Nf3 d6 8. O-O
Nbd7 9. Re1 O-O 10. e4 e5 11. Bg5 h6 12. Bh4 Qe7 13. Qc2 Rac8 14. h3 a5 15. a4
Rfd8 16. Re3 Ba6 17. Kh1 Qe6 18. Qe2 g5 19. Nxg5 hxg5 20. Bxg5 Kf8 21. Rf1 Qe8
22. f4 exf4 23. Rxf4 Ke7 24. e5 Qg8 25. exf6+ Kf8 26. Bh6+ Qg7 27. Bxg7+ Kg8 28.
Qh5 Nxf6 29. Qh8# 1-0

[Event "Druzynowe Mistrzostwa Polski Juniorow - II Liga"]
[Site "Iwonicz"]
[Date "2016-07-31"]
[Round "10.1"]
[White "Raczynski, Krzysztof"]
[Black "Molenda, Marcin"]
[Result "0-1"]
[WhiteTitle "I++"]
[BlackTitle "k"]
[WhiteElo "2074"]
[BlackElo "2267"]

1. e4 c5 2. Nf3 Nc6 3. d4 cxd4 4. Nxd4 g6 5. Nc3 Bg7 6. Be3 Nf6 7. Bc4 O-O 8. Bb3
d6 9. f3 Bd7 10. Qd2 Nxd4 11. Bxd4 b5 12. h4 a5 13. a4 bxa4 14. Nxa4 Rb8 15. h5
Nxh5 16. g4 Bxd4 17. gxh5 Bg7 18. hxg6 hxg6 19. Nc3 Bc6 20. Qh2 Re8 21. Qh7+ Kf8
22. Bxf7 Kxf7 23. Rg1 Rg8 24. Qxg6+ Kf8 25. Rg5 Bxc3+ 26. bxc3 Rxg6 0-1

[Event "Druzynowe Mistrzostwa Polski Juniorow - II Liga"]
[Site "Iwonicz"]
[Date "2016-07-31"]
[Round "10.2"]
[White "Koloczek, Maciej"]
[Black "Kaminski, Piotr"]
[Result "1/2-1/2"]
[WhiteTitle "II"]
[BlackTitle "I"]
[WhiteElo "1731"]
[BlackElo "1902"]

1. e4 c5 2. Nf3 g6 3. d4 cxd4 4. Nxd4 Nc6 5. c4 Nf6 6. f3 d6 7. Nc3 Bg7 8. Be3
O-O 9. Be2 Bd7 10. Qd2 Nxd4 11. Bxd4 Bc6 12. O-O a5 13. b3 Nd7 14. Bxg7 Kxg7 15.
Qd4+ Kg8 16. Rac1 Nc5 17. Kh1 e5 18. Qe3 Ne6 19. Rfd1 f5 20. Nd5 fxe4 21. fxe4
Kg7 22. Bg4 Nc5 23. Rf1 Qh4 24. h3 Bxd5 25. cxd5 Qh6 26. Qe2 Rf4 27. g3 Nxe4 28.
Rc7+ Kh8 29. Kg2 Rxf1 30. Qxf1 Qd2+ 31. Qe2 Qxe2+ 32. Bxe2 Nc5 33. Kf3 Rf8+ 34.
Ke3 Kg8 35. Bg4 Rf6 36. Be2 Rf7 37. Rc8+ Kg7 38. Ra8 b6 39. Rd8 Rd7 40. Rb8 Rb7
41. Rd8 Rd7 42. Rb8 Rb7 43. Rd8 1/2-1/2

[Event "Druzynowe Mistrzostwa Polski Juniorow - II Liga"]
[Site "Iwonicz"]
[Date "2016-07-31"]
[Round "10.3"]
[White "Mietkiewicz, Jacek"]
[Black "Galuszka, Tomasz"]
[Result "1/2-1/2"]
[WhiteTitle "I"]
[BlackTitle "II+"]
[WhiteElo "1687"]
[BlackElo "1768"]

1. d4 d5 2. c4 c6 3. Nf3 Nf6 4. Nc3 e6 5. Bg5 h6 6. Bh4 Nbd7 7. e3 Be7 8. Bd3 O-O
9. O-O dxc4 10. Bxc4 Nd5 11. Bxe7 Qxe7 12. e4 N5b6 13. Bd3 e5 14. Nxe5 Nxe5 15.
dxe5 Qxe5 16. f4 Qd4+ 17. Kh1 Rd8 18. Be2 Be6 19. Qxd4 Rxd4 20. Rad1 Rad8 21.
Rxd4 Rxd4 22. Rd1 Rxd1+ 23. Bxd1 Kf8 24. b3 Ke7 25. Kg1 g5 26. g3 gxf4 27. gxf4
f6 28. Kf2 Nd7 29. Ke3 Kd6 30. Kd4 c5+ 31. Ke3 a6 32. Nb1 Nb8 33. Nd2 Nc6 34.
Nc4+ Bxc4 35. bxc4 b5 36. Be2 Nd4 37. cxb5 axb5 38. Bd1 Ne6 39. Bg4 Nd8 40. Be2
Kc6 41. e5 fxe5 42. fxe5 Ne6 43. Ke4 c4 44. a3 c3 1/2-1/2

[Event "Druzynowe Mistrzostwa Polski Juniorow - II Liga"]
[Site "Iwonicz"]
[Date "2016-07-31"]
[Round "10.4"]
[White "Gazik, Jakub"]
[Black "Lepski, Maksymilian"]
[Result "1-0"]
[WhiteTitle "II"]
[BlackTitle "II"]
[WhiteElo "1509"]
[BlackElo "1442"]

1. e4 c5 2. c3 d5 3. exd5 Qxd5 4. d4 Nf6 5. Nf3 Bg4 6. Be2 e6 7. Be3 Nbd7 8. O-O
Be7 9. Nbd2 O-O 10. h3 Bh5 11. c4 Qc6 12. Ne5 Nxe5 13. dxe5 Bxe2 14. Qxe2 Nd7
15. f4 f6 16. exf6 Bxf6 17. Nf3 e5 18. f5 e4 19. Ng5 Bxg5 20. Bxg5 Rae8 21. Rad1
Ne5 22. Rd5 Nd3 23. f6 gxf6 24. Bh6 Rf7 25. Qg4+ Kh8 26. Qh5 Qe6 27. Rd6 Qe7 28.
Rdxf6 Rxf6 29. Rxf6 e3 30. Rf7 Qe4 31. Bg5 Ne5 32. Bf6+ Kg8 33. Rg7+ Kf8 34. Rg8+
1-0

[Event "Druzynowe Mistrzostwa Polski Juniorow - II Liga"]
[Site "Iwonicz"]
[Date "2016-07-31"]
[Round "10.5"]
[White "Szelag, Zuzanna"]
[Black "Kordela, Monika"]
[Result "1/2-1/2"]
[WhiteTitle "I++"]
[BlackTitle "I"]
[WhiteElo "1732"]
[BlackElo "1783"]

1. e4 Nc6 2. d4 d5 3. e5 Bf5 4. Nf3 e6 5. Be2 Nge7 6. O-O Ng6 7. Be3 f6 8. exf6
gxf6 9. Nbd2 e5 10. dxe5 d4 11. exf6 dxe3 12. f7+ Kxf7 13. fxe3 Ke8 14. e4 Bc5+
15. Kh1 Be6 16. Qe1 Rg8 17. Bb5 a6 18. Bxc6+ bxc6 19. Rd1 Qe7 20. e5 Rb8 21. Ne4
Rxb2 22. Nf6+ Kf8 23. Ng5 Kg7 24. Nxe6+ Qxe6 25. Nxg8 Kxg8 26. Rf6 Qg4 27. h3
Qg5 28. Qc3 Rb5 29. Qc4+ Kg7 30. a4 Nxe5 31. Qe2 Qxf6 32. axb5 cxb5 33. Rf1 Qd6
34. Rd1 Qe7 35. Qe4 Bd6 36. Re1 Qg5 37. Rf1 Qg3 38. Qd4 Kg6 39. Qe4+ Kg7 40. Qd4
Kg6 1/2-1/2

[Event "Druzynowe Mistrzostwa Polski Juniorow - II Liga"]
[Site "Iwonicz"]
[Date "2016-07-31"]
[Round "10.6"]
[White "Adamczyk, Zuzanna"]
[Black "Furtak, Joanna"]
[Result "1-0"]
[WhiteTitle "I"]
[BlackTitle "I+"]
[WhiteElo "1672"]
[BlackElo "1686"]

1. d4 f5 2. e4 fxe4 3. Nc3 Nf6 4. Bg5 c6 5. Bxf6 exf6 6. Nxe4 d5 7. Ng3 Be6 8.
c3 Qd7 9. Bd3 Qf7 10. N1e2 Bd6 11. Qd2 O-O 12. O-O Nd7 13. Nf4 Nb6 14. Nxe6 Qxe6
15. Nf5 Rad8 16. Rae1 Qd7 17. Re2 Rfe8 18. Nxd6 Qxd6 19. Rfe1 Qd7 20. Qc2 g6 21.
h4 Rxe2 22. Qxe2 f5 23. Qe3 Qf7 24. h5 Kf8 25. hxg6 hxg6 26. Qh6+ Kg8 27. Qg5
Rd7 28. g4 Qg7 29. Re6 Kf7 30. Bxf5 1-0

[Event "Druzynowe Mistrzostwa Polski Juniorow - II Liga"]
[Site "Iwonicz"]
[Date "2016-07-31"]
[Round "10.7"]
[White "Wisniewski, Jacek"]
[Black "Fus, Jakub"]
[Result "1/2-1/2"]
[WhiteTitle "k"]
[BlackTitle "I++"]
[WhiteElo "1989"]
[BlackElo "2025"]

1. e4 c5 2. Nf3 d6 3. Bb5+ Bd7 4. Bxd7+ Qxd7 5. O-O Nc6 6. c3 Nf6 7. Re1 e6 8.
d4 cxd4 9. cxd4 d5 10. e5 Ne4 11. Nbd2 Nxd2 12. Bxd2 Be7 13. Rc1 O-O 14. Rc3 Rac8
15. a3 b5 16. h4 a5 17. Rd3 h6 18. Nh2 Kh7 19. Qh5 f5 20. exf6 Rxf6 21. Nf3 Rf5
22. Qg4 b4 23. h5 Rf6 24. Rde3 Nd8 25. Ne5 Qa7 26. Rg3 Bd6 27. Bf4 Rc7 28. Rd3
Rc2 29. Bg3 bxa3 30. bxa3 Nf7 31. Qd1 Qc7 32. Nxf7 Bxg3 33. Rxg3 Rxf7 34. Qd3+
Kh8 35. Rxe6 Rcxf2 36. Qe3 Rf1+ 37. Kh2 R7f5 38. Re8+ Kh7 39. Re5 Qf7 40. Rh3
Qc7 41. Qd3 Kh8 42. Qc3 Qxc3 43. Rxc3 Rxe5 44. dxe5 Rf5 45. g4 Rxe5 46. Kg3 Re4
47. Rd3 Ra4 48. Rxd5 Rxa3+ 49. Kg2 Ra1 50. Rd8+ Kh7 51. Ra8 a4 52. Kh2 1/2-1/2

[Event "Druzynowe Mistrzostwa Polski Juniorow - II Liga"]
[Site "Iwonicz"]
[Date "2016-07-31"]
[Round "10.8"]
[White "Rzeszowski, Dominik"]
[Black "Maminski, Hubert"]
[Result "1-0"]
[WhiteTitle "I"]
[BlackTitle "I"]
[WhiteElo "1853"]
[BlackElo "1801"]

1. b3 d5 2. Bb2 c5 3. e3 Nc6 4. f4 Nf6 5. Nf3 e6 6. Be2 Be7 7. O-O O-O 8. Ne5 Nd7
9. d4 f6 10. Nxc6 bxc6 11. Nd2 Qb6 12. c4 Ba6 13. Rb1 Rab8 14. Kh1 Rfd8 15. Rf3
f5 16. Rh3 Nf6 17. dxc5 Bxc5 18. Bxf6 gxf6 19. Qe1 Qc7 20. Qh4 Qe7 21. g4 fxg4
22. Qxg4+ Kh8 23. cxd5 Bxe2 24. Qxe2 exd5 25. Qd3 Rg8 26. Rc1 Rbe8 27. Rxc5 Rg7
28. Rc1 Qd7 29. Rf3 Reg8 30. Qe2 Rg2 31. Rf2 R2g4 32. Nf3 Re8 33. Qb2 Qe6 34.
Ng5 Qe7 35. Rxc6 Rxg5 36. fxg5 Qe4+ 37. Rg2 d4 38. Rxf6 Qxe3 39. Qf2 Qe1+ 40.
Qxe1 Rxe1+ 41. Rg1 Re2 42. Rg2 Re1+ 43. Rg1 Re2 44. Rd1 1-0

[Event "Druzynowe Mistrzostwa Polski Juniorow - II Liga"]
[Site "Iwonicz"]
[Date "2016-07-31"]
[Round "10.9"]
[White "Golecki, Jan"]
[Black "Czernek, Tymon"]
[Result "1-0"]
[WhiteTitle "I+"]
[BlackTitle "I"]
[WhiteElo "1758"]
[BlackElo "1867"]

1. e4 c6 2. d4 d5 3. Nd2 dxe4 4. Nxe4 Bf5 5. Ng3 Bg6 6. h4 h6 7. h5 Bh7 8. Nf3
Nd7 9. Bd3 Bxd3 10. Qxd3 e6 11. Bf4 Ngf6 12. O-O-O Nd5 13. Bd2 Qc7 14. c4 N5f6
15. Bc3 O-O-O 16. Qe2 c5 17. Ne5 Nxe5 18. dxe5 Nd7 19. f4 f5 20. Qf3 Be7 21. Nf1
Qb6 22. Ne3 Qa6 23. Kb1 Rde8 24. g4 fxg4 25. Qxg4 Qc6 26. f5 Bg5 27. fxe6 Qxe6
28. Qxe6 Rxe6 29. Nf5 Rg8 30. Nd6+ Kc7 31. Nb5+ Kc8 32. Rd6 Rxd6 33. Nxd6+ Kc7
34. Nb5+ Kb6 35. Rd1 Nb8 36. Rd6+ Nc6 37. a4 a5 38. e6 Bf4 39. Rd7 Re8 40. Rf7
Bg5 41. Rxb7+ Kxb7 42. Nd6+ Kc7 43. Nxe8+ Kd8 44. Nxg7 Ke7 45. Kc2 Bf6 46. Nf5+
Kxe6 47. Nxh6 Bxc3 48. Kxc3 Ne5 49. b3 Kf6 50. Kd2 Nf3+ 51. Kd3 Nd4 52. Ng4+ Kg5
53. h6 Kg6 54. Kc3 Ne2+ 55. Kd3 Nd4 56. Ke4 Nxb3 57. Kd5 Kh7 58. Kc6 Kg6 59. Kb6
Kh7 60. Ne5 Kxh6 61. Nc6 Kg6 62. Nxa5 Nxa5 63. Kxa5 Kf6 64. Kb6 Ke7 65. a5 Kd8
66. Kb7 1-0

[Event "Druzynowe Mistrzostwa Polski Juniorow - II Liga"]
[Site "Iwonicz"]
[Date "2016-07-31"]
[Round "10.10"]
[White "Baum, Jonasz"]
[Black "Redzisz, Michal"]
[Result "0-1"]
[WhiteTitle "I"]
[BlackTitle "II"]
[WhiteElo "1826"]
[BlackElo "1756"]

1. e4 e5 2. Nf3 Nc6 3. Bc4 Nf6 4. d3 h6 5. O-O g6 6. d4 exd4 7. e5 d5 8. Bb5 Ne4
9. Nxd4 Bd7 10. Re1 Nxd4 11. Bxd7+ Qxd7 12. Qxd4 Bc5 13. e6 Bxd4 14. exd7+ Kxd7
15. Rf1 Rae8 16. c3 Bb6 17. Be3 Bxe3 18. fxe3 f5 19. Na3 Nd6 20. Rfe1 Re4 21.
Rad1 c6 22. b3 Kc7 23. g3 Rhe8 24. Kf2 h5 25. Nb1 R4e7 26. Nd2 Ne4+ 27. Nxe4 fxe4
28. Kg2 Rf7 29. Rf1 Ref8 30. Rxf7+ Rxf7 31. c4 Kd6 32. b4 Ke5 33. cxd5 cxd5 34.
Rc1 b5 35. Rc6 Rf6 36. Rc5 a6 37. Rc8 Rd6 38. Re8+ Kf5 39. Rf8+ Ke6 40. Ra8 Rc6
41. a3 Kf5 42. Rf8+ Ke5 43. Re8+ Re6 44. Rd8 Rd6 45. Re8+ Kf5 46. Rf8+ Ke6 47.
Ra8 d4 48. exd4 Kd5 49. Kf2 Kxd4 50. Ke2 Kc3 51. Re8 Rd2+ 52. Ke1 Rxh2 53. Rxe4
Ra2 54. Re3+ Kb2 55. Re6 Rxa3 56. Rxg6 Kb3 57. Kf2 Kxb4 58. Rh6 a5 59. Rxh5 a4
60. g4 Ra2+ 61. Kf3 Rd2 62. g5 Rd7 63. Kf4 a3 64. Kf5 a2 65. Rh1 Ka3 66. g6 b4
67. Rf1 b3 68. Kg5 Rg7 0-1

[Event "Druzynowe Mistrzostwa Polski Juniorow - II Liga"]
[Site "Iwonicz"]
[Date "2016-07-31"]
[Round "10.11"]
[White "Kozaczynska, Aleksandra"]
[Black "Tkaczyk, Weronika"]
[Result "1/2-1/2"]
[WhiteTitle "I++"]
[BlackTitle "I"]
[WhiteElo "1683"]
[BlackElo "1570"]

1. e4 e5 2. Nf3 Nc6 3. Bc4 Bc5 4. c3 Nf6 5. d3 h6 6. a4 a5 7. Na3 d6 8. Bb3 Be6
9. O-O O-O 10. Nc4 Ne7 11. Ne3 c6 12. h3 Ng6 13. Nf5 Kh7 14. Bc2 Ne7 15. N3h4
Nxf5 16. Nxf5 Qd7 17. Re1 g6 18. Nxh6 Rh8 19. Qf3 Kg7 20. Bg5 Nh7 21. Bd2 Nf6
22. Bg5 Nh7 23. Bd2 Nf6 24. Bg5 Nh7 1/2-1/2

[Event "Druzynowe Mistrzostwa Polski Juniorow - II Liga"]
[Site "Iwonicz"]
[Date "2016-07-31"]
[Round "10.13"]
[White "Leskiewicz, Ignacy"]
[Black "Lizak, Jakub"]
[Result "0-1"]
[WhiteTitle "I"]
[BlackTitle "k"]
[WhiteElo "1921"]
[BlackElo "2131"]

1. e4 c5 2. Nf3 e6 3. d4 cxd4 4. Nxd4 Nc6 5. Nc3 Qc7 6. Ndb5 Qb8 7. Be3 a6 8. Bb6
axb5 9. Nxb5 Bb4+ 10. c3 Ba5 11. Nc7+ Qxc7 12. Bxc7 Bxc7 13. Bd3 Nge7 14. O-O
O-O 15. Qc2 b6 16. f4 Bb7 17. Rad1 Rad8 18. e5 h6 19. Be4 0-1

[Event "Druzynowe Mistrzostwa Polski Juniorow - II Liga"]
[Site "Iwonicz"]
[Date "2016-07-31"]
[Round "10.14"]
[White "Tustanowski, Mateusz"]
[Black "Krol, Marcin"]
[Result "1-0"]
[WhiteTitle "I++"]
[BlackTitle "I"]
[WhiteElo "1957"]
[BlackElo "1626"]

1. e4 e5 2. Nf3 Nf6 3. Nxe5 d6 4. Nf3 Nxe4 5. Nc3 Nxc3 6. dxc3 Be7 7. Be3 O-O 8.
Bd3 Nc6 9. Qd2 Bf6 10. O-O-O a6 11. Rdg1 Ne5 12. Nxe5 dxe5 13. h4 Re8 14. f3 Be6
15. g4 Qd5 16. Qg2 Be7 17. g5 Bc5 18. Bxc5 Qxc5 19. Bxh7+ 1-0

[Event "Druzynowe Mistrzostwa Polski Juniorow - II Liga"]
[Site "Iwonicz"]
[Date "2016-07-31"]
[Round "10.15"]
[White "Nowak, Mikolaj"]
[Black "Kukula, Karol"]
[Result "1-0"]
[WhiteTitle "I++"]
[BlackTitle "II"]
[WhiteElo "2091"]
[BlackElo "1550"]

1. d4 Nf6 2. c4 e6 3. Nf3 Bb4+ 4. Bd2 Qe7 5. Nc3 O-O 6. a3 Bxc3 7. Bxc3 Ne4 8.
e3 Nxc3 9. bxc3 d5 10. cxd5 exd5 11. Be2 Nd7 12. O-O Nf6 13. Qb3 c6 14. Rfc1 Bg4
15. h3 Bh5 16. Qb4 Qc7 17. c4 Rfe8 18. Rab1 Re7 19. Rb2 dxc4 20. Qxc4 Qd6 21.
Qc5 Qxc5 22. Rxc5 Kf8 23. a4 Rd8 24. g4 Bg6 25. Ne5 1-0

[Event "Druzynowe Mistrzostwa Polski Juniorow - II Liga"]
[Site "Iwonicz"]
[Date "2016-07-31"]
[Round "10.16"]
[White "Szeliga, Sebastian"]
[Black "Klimkowski, Jan"]
[Result "1-0"]
[WhiteTitle "II"]
[BlackTitle "II"]
[WhiteElo "1228"]
[BlackElo "1443"]

1. e4 c5 2. Nf3 Nc6 3. Bb5 g6 4. O-O Bg7 5. c3 Qb6 6. Bxc6 bxc6 7. d4 cxd4 8. cxd4
Ba6 9. Re1 d6 10. Nc3 Rb8 11. Rb1 e6 12. Be3 d5 13. exd5 cxd5 14. Qa4+ Bb5 15.
Nxb5 Qxb5 16. Qxa7 Nf6 17. Bg5 O-O 18. Bxf6 Bxf6 19. Qc7 Rfc8 20. Qf4 Kg7 21.
Qd2 Be7 22. Qe2 Qa5 23. a3 Rc7 24. Rec1 Rcb7 25. Ne5 Qb5 26. Qxb5 Rxb5 27. Nc6
R8b7 28. Nxe7 Rxe7 29. Kf1 Reb7 30. b4 Ra7 31. Rc3 Kf6 32. Re1 Kf5 33. f3 Rb6
34. Kf2 Rba6 35. Ra1 Rb6 36. Ke3 Kf6 37. Kd3 Ke7 38. Kc2 Kd7 39. Kb3 Rab7 40.
Rac1 Ra7 41. a4 Rb8 42. b5 Rba8 43. Ra1 Ra5 44. Kb4 h6 45. Rc5 Kd6 46. Ra3 Kd7
47. b6 R5a6 48. a5 Kd6 49. Kb5 Rxb6+ 50. Kxb6 Rb8+ 51. Ka7 Rb4 52. Rd3 e5 53.
Rc1 e4 54. fxe4 dxe4 55. Rdd1 f5 56. d5 e3 57. Rc6+ Ke5 58. Rxg6 Rd4 59. Rxd4
Kxd4 60. Re6 1-0

[Event "Druzynowe Mistrzostwa Polski Juniorow - II Liga"]
[Site "Iwonicz"]
[Date "2016-07-31"]
[Round "10.17"]
[White "Dwilewicz, Katarzyna"]
[Black "Wojcik, Jagoda"]
[Result "1-0"]
[WhiteTitle "I++"]
[BlackTitle "I+"]
[WhiteElo "1786"]
[BlackElo "1609"]

1. e4 c5 2. Nf3 e6 3. d4 cxd4 4. Nxd4 Nf6 5. Nc3 Nc6 6. Ndb5 Bb4 7. Bf4 Nxe4 8.
Qf3 d5 9. Nc7+ Kf8 10. Nxa8 e5 11. Bd2 Nxd2 12. Qxd5 Qxd5 13. Nxd5 Nb3+ 14. Nxb4
Nxa1 15. Nxc6 bxc6 16. Bd3 Ke7 17. Kd2 Kd6 18. Rxa1 Bb7 19. Kc3 Rxa8 20. Rd1 Ke7
21. Bf5 Kf6 22. g4 g6 23. Rd6+ Kg5 24. Be4 f5 25. gxf5 gxf5 26. Bg2 e4 27. Rd7
Ba6 28. Rxh7 Be2 1-0

[Event "Druzynowe Mistrzostwa Polski Juniorow - II Liga"]
[Site "Iwonicz"]
[Date "2016-07-31"]
[Round "10.18"]
[White "Pisarek, Elzbieta"]
[Black "Waligora, Julia"]
[Result "1/2-1/2"]
[WhiteTitle "I"]
[BlackTitle "I"]
[WhiteElo "1351"]
[BlackElo "1349"]

1. e4 e6 2. d4 d5 3. Nd2 c5 4. exd5 exd5 5. Ndf3 Nf6 6. c3 Qb6 7. h3 Be6 8. Bd3
Nc6 9. Ne2 c4 10. Bc2 h6 11. O-O Bd6 12. Re1 Qc7 13. Be3 O-O 14. Qc1 Rfe8 15.
Nh4 h5 1/2-1/2